<?xml version="1.0" encoding="UTF-8"?>
<marc:record xmlns:marc="http://www.loc.gov/MARC21/slim">
   <marc:leader>00000nam a2200000 a 4500</marc:leader>
   <marc:datafield ind1=" " ind2=" " tag="653">
      <marc:subfield code="a">Kind</marc:subfield>
   </marc:datafield>
   <marc:datafield ind1=" " ind2=" " tag="653">
      <marc:subfield code="a">Buddhismus</marc:subfield>
   </marc:datafield>
   <marc:datafield ind1=" " ind2=" " tag="653">
      <marc:subfield code="a">Thailand</marc:subfield>
   </marc:datafield>
   <marc:datafield ind1=" " ind2=" " tag="653">
      <marc:subfield code="a">Dokumentation</marc:subfield>
   </marc:datafield>
   <marc:datafield ind1="0" ind2="0" tag="245">
      <marc:subfield code="a">Buddha´s Lost Children</marc:subfield>
   </marc:datafield>
   <marc:datafield ind1=" " ind2="1" tag="264">
      <marc:subfield code="b">EMS Film</marc:subfield>
      <marc:subfield code="c">2008</marc:subfield>
   </marc:datafield>
   <marc:datafield ind1="1" ind2=" " tag="520">
      <marc:subfield code="a">Im Herzen des Goldenen Dreiecks zwischen Thailand und Myanmar, einer unzugänglichen, von Armut geprägten Bergregion ist der buddhistische Mönch Phra Khru Bah eine Berühmtheit. Im „Tempel des Goldenen Pferdes“ nimmt der ehemalige Thai-Boxer verlassene Kinder auf, die von skrupellosen Rauschgifthändlern zum Drogenschmuggel missbraucht wurden und die Verfolgung durch die Junta in Myanmar überlebt haben. Phra Khru Bahs einzige Waffen im Kampf gegen die Drogenmafia sind dabei sein Charisma, sein Glaube und der Kampfsport. Durch Mitgefühl, Meditation und Martial-Arts-Übungen finden die Novizen im Alter von sieben bis sechzehn neuen Halt werden zu selbstsicheren und tatkräftigen Menschen. In überwältigenden, zugleich einfühlsamen Bildern ist BUDDHA'S LOST CHILDREN das intime Porträt einer ungewöhnlichen Tempelgemeinschaft und eine Reise in eine verborgene Welt. Für die mehrfach preisgekrönte Dokumentation teilte der Autor und Regisseur Mark Verkerk über ein Jahr das Leben auf dieser von Elend und Gewalt umgebenen Insel des so genannten „Graswurzel-Buddhismus“. (http://www.buddhaslostchildren.de/)</marc:subfield>
   </marc:datafield>
</marc:record>
